00821nam a2200301Ia 4500008004100000020001500041050001000056050001400066100001800080245002200098245004100120245001800161260001500179260001300194260000900207300001600216300002000232300001000252650001500262650003100277650001800308650001300326650001000339650003000349700001100379999001900390952011000409171025s9999 xx 000 0 und d a1400075254 a956.7 bR129 2003 aAl-Radi, Nuha aBaghdad diaries : ba woman chronicle of war and exile / cNuha Al-Radi. aNew York : bVintage, c2003 a217 pages : billustrations ; c20cm. aArtists -- aPersian Gulf War, 1991 --  aRadi, Nuha -- xDiaries. xIraq. xPersonal naratives, Iraq. aTitle. c344821d344821 001040aSSISMbSSISMd2017-10-25l0oSHS 956.7 R129 2003pSSISM3874r2017-10-25 00:00:00w2017-10-25yBK